|
|
|
|
| LEADER |
00000nam0a2200000 4500 |
| 001 |
266919 |
| 005 |
20231031223641.0 |
| 035 |
|
|
|a (RuTPU)RU\TPU\book\289939
|
| 090 |
|
|
|a 266919
|
| 100 |
|
|
|a 20140717d1985 k y0rusy5003 ca
|
| 101 |
0 |
|
|a rus
|
| 102 |
|
|
|a RU
|
| 105 |
|
|
|a a z 001zy
|
| 200 |
1 |
|
|a Контроль, прогнозирование и управление состоянием пород в калийных рудниках
|e сборник научных трудов
|f Всесоюзный научно-исследовательский институт галургии (ВНИИГ) ; под ред. О. В. Ковалева
|
| 210 |
|
|
|a Ленинград
|c Изд-во ВНИИГ
|d 1985
|
| 215 |
|
|
|a 186 с.
|c ил.
|d 20 см
|
| 320 |
|
|
|a Библиография в конце статей
|
| 606 |
1 |
|
|a Горные породы
|x Прочность
|2 stltpush
|3 (RuTPU)RU\TPU\subj\8016
|
| 610 |
1 |
|
|a калийные руды
|
| 610 |
1 |
|
|a производство
|
| 610 |
1 |
|
|a безопасность
|
| 610 |
1 |
|
|a соляные породы
|
| 610 |
1 |
|
|a состояние
|
| 610 |
1 |
|
|a контроль
|
| 610 |
1 |
|
|a управление
|
| 610 |
1 |
|
|a разработка
|
| 610 |
1 |
|
|a электромагнитная эмиссия
|
| 610 |
1 |
|
|a акустическая эмиссия
|
| 610 |
1 |
|
|a горное давление
|
| 610 |
1 |
|
|a изменение
|
| 610 |
1 |
|
|a газодинамические явления
|
| 610 |
1 |
|
|a прогнозирование
|
| 610 |
1 |
|
|a предотвращение
|
| 675 |
|
|
|a 622.831
|z rus
|v 3
|
| 702 |
|
1 |
|a Ковалев
|b О. В.
|4 340
|
| 712 |
0 |
2 |
|a Всесоюзный научно-исследовательский институт галургии (ВНИИГ)
|2 stltpush
|3 (RuTPU)RU\TPU\col\12235
|
| 801 |
|
0 |
|a RU
|b RuMRKP
|c 19950704
|g psbo
|
| 801 |
|
1 |
|a RU
|b 63413507
|c 20140717
|
| 801 |
|
2 |
|a RU
|b 63413507
|c 20170217
|g RCR
|
| 942 |
|
|
|c BK
|